000 02769cam a22004934a 4500
001 muse12068
003 MdBmJHUP
005 20210127150950.0
006 m o d
007 cr||||||||nn|n
008 070510s2008 dcu o 00 0 eng d
010 _z 2007019460
020 _a9781589014169
020 _a1589014162
020 _z9781589011922 (alk. paper)
020 _z1589011929 (alk. paper)
035 _a(OCoLC)471131020
040 _aMdBmJHUP
_cMdBmJHUP
050 0 4 _aP40.5.L28
_bS87 2008
082 0 _a306.44
_222
245 1 0 _aSustaining Linguistic Diversity
_bEndangered and Minority Languages and Language Varieties /
_cKendall A. King ... [et al.], editors.
264 1 _bGeorgetown University Press,
264 3 _bProject MUSE,
300 _a1 online resource (viii, 238 p.) :
_bill. ;
504 _aIncludes bibliographical references.
505 0 _aLinguistic diversity, sustainability, and the future of the past / Suzanne Romaine -- When is an "extinct language" not extinct? / Wesley Y. Leonard -- Evaluating endangerment / M. Paul Lewis -- Endangered language varieties / Gregory R. Guy and Ana M.S. Zilles -- The linguistic negotiation of complex racialized identities by Black Appalachian speakers / Christine Mallinson -- Working at "9 to 5" Gaelic / Emily McEwan-Fujita -- Voice and biliteracy in indigenous language revitalization / Nancy H. Hornberger -- Endangering language vitality through institutional development / Tadhg O'hfearnain -- Scandinavian minority language policies in transition / Leena Huss -- Language development in Eritrea / Paul D. Fallon -- Indigenous language policies in social practice / Teresa L. McCarty, Mary Eunice Romero-Little, and Ofelia Zepeda -- Heritage language education in the United States / Joy Kreeft Peyton ... [et al.] -- Language diversity and the public interest / Walt Wolfram.
506 0 _aOpen Access
_fUnrestricted online access
_2star
588 _aDescription based on print version record.
650 0 _aLanguage policy
_vCongresses.
650 0 _aLanguage revival
_vCongresses.
650 0 _aLinguistic minorities
_vCongresses.
650 0 _aLanguage attrition
_vCongresses.
655 7 _aElectronic books.
_2local
700 1 _aKing, Kendall A.,
_d1969-
710 2 _aProject Muse.
_edistributor
830 0 _aBook collections on Project MUSE.
856 4 0 _zFull text available:
_uhttps://muse.jhu.edu/book/13067/
945 _aProject MUSE - Archive Complete Foundation
945 _aProject MUSE - Archive Language and Linguistics Foundation
999 _c24136
_d24136